| 000 | 00675nam a2200217 i 4500 | ||
|---|---|---|---|
| 001 | bgj | ||
| 245 | 0 | 0 |
_aTour de France : _bFrankreich in kleinen Geschichten / _cErzählt und übersetzt von Irene Kuhn ; Mit Illustrationen von Frieda Wiegand. |
| 260 |
_aMünchen : _bDeutschen Taschenbuch Verlag, _c1992. |
||
| 300 |
_a143 S. : _bIll. ; _c18 cm. |
||
| 490 | 1 | _aDTV Zweisprachig | |
| 651 | 9 |
_aFrankreich _xLandeskunde |
|
| 700 | 1 | _aKUHN, Irene | |
| 700 | 1 |
_aWIEGAND, Frieda. _eill. |
|
| 830 | _aDTV Zweisprachig | ||
| 020 | _a3423092882 | ||
| 040 | _cBPK | ||
| 041 | 0 |
_ager _gfre |
|
| 920 | _a3-423-09288-2 | ||
| 942 | _cKS | ||
| 008 | s gw f |000 0 ger | ||
| 999 |
_c50629 _d50629 |
||
| 856 |
_uhttp://koha.tu.koszalin.pl/cgi-bin/koha/opac-detail.pl?biblionumber=50629 _yKatalog online BPK |
||